[Event "ITA-chTA 53rd"]
[Site "Montesilvano"]
[Date "2022.04.22"]
[Round "5.4"]
[White "Tomba, Ivan"]
[Black "Ceschia, Ivano"]
[Result "0-1"]
[WhiteElo "2291"]
[BlackElo "2244"]
[PlyCount "96"]
[EventDate "2022.04.19"]
[EventType "team-tourn"]
[EventRounds "7"]
[EventCountry "ITA"]
[SourceTitle "CBM 207 Extra"]
[Source "ChessBase"]
[SourceDate "2022.05.31"]
[SourceVersion "1"]
[SourceVersionDate "2022.05.31"]
[SourceQuality "1"]
[WhiteTeam "Bologna Le Due Torri"]
[BlackTeam "Canal Cib Unigas"]
[WhiteTeamCountry "ITA"]
[BlackTeamCountry "ITA"]

1. e4 c5 2. Nf3 Nc6 3. d4 cxd4 4. Nxd4 e5 5. Nb5 d6 6. c4 Nf6 7. N1c3 a6 8. Na3 Be7 9. Bd3 Bg4 10. f3 Be6 11. Be3 Nd7 12. 0-0 Bg5 13. Bf2 0-0 14. Nc2 Rc8 15. Be2 Na5 16. b3 b5 17. Nd5 bxc4 18. Nce3 cxb3 19. axb3 Rb8 20. Ra3 Nc6 21. Rxa6 Nd4 22. Rxd6 Rxb3 23. Nc4 Nxe2+ 24. Qxe2 Qb8 25. h4 Bd8 26. Rd1 Nf6 27. Qc2 Bxd5 28. exd5 Rb5 29. Rc6 Rxd5 30. Rxd5 Nxd5 31. Bc5 Nb4 32. Bxb4 Qxb4 33. h5 Qe1+ 34. Kh2 Qh4+ 35. Kg1 Qxh5 36. Qe4 Bf6 37. Ne3 Qg5 38. Ng4 Rd8 39. Qe2 h5 40. Nxf6+ gxf6 41. Rc2 Rd4 42. Qf1 Qg3 43. Rc4 Rd2 44. f4 Qe3+ 45. Kh2 e4 46. f5 h4 47. Rc1 Qg3+ 48. Kh1 h3 0-1

[Event "Florence Move op-A"]
[Site "Florence"]
[Date "2021.10.30"]
[Round "3"]
[White "Tomba, Ivan"]
[Black "Savanovic, Aleksandar"]
[Result "0-1"]
[WhiteElo "2300"]
[BlackElo "2387"]
[PlyCount "90"]
[EventDate "2021.10.29"]
[EventType "swiss"]
[EventRounds "5"]
[EventCountry "ITA"]
[SourceTitle "EXT 2023"]
[Source "ChessBase"]
[SourceDate "2022.10.05"]
[SourceVersion "1"]
[SourceVersionDate "2022.10.05"]
[SourceQuality "1"]

1. e4 e5 2. Nf3 Nc6 3. d4 exd4 4. Nxd4 Nf6 5. Nxc6 bxc6 6. e5 Qe7 7. Qe2 Nd5 8. c4 Nb6 9. Nc3 Ba6 10. b3 0-0-0 11. Bb2 Re8 12. f4 f6 13. 0-0-0 fxe5 14. Qxe5 Qxe5 15. fxe5 Rxe5 16. Bd3 Re3 17. Ne4 d5 18. Ng5 Be7 19. Bf5+ Kb7 20. Nxh7 dxc4 21. Rhe1 Nd5 22. Bd4 Ba3+ 23. Kc2 cxb3+ 24. axb3 Nb4+ 25. Kd2 Rd3+ 26. Bxd3 Nxd3 27. Ng5 Bb4+ 28. Bc3 Bxc3+ 29. Kxc3 Nxe1 30. Rxe1 Rxh2 31. Re7 Rxg2 32. Rxg7 Rg3+ 33. Kb2 Re3 34. Rg6 Bd3 35. Re6 Rg3 36. Re5 Rg2+ 37. Kc3 Bb1 38. Ne6 Rc2+ 39. Kb4 Kb6 40. Rc5 Rh2 41. Nd4 a5+ 42. Rxa5 Rh4 43. Ra1 Rxd4+ 44. Kc3 Rd1 45. Kb2 Bc2 0-1

[Event "Imola op 3rd"]
[Site "Imola"]
[Date "2020.12.07"]
[Round "4"]
[White "Tomba, Ivan"]
[Black "Lumachi, Gabriele"]
[Result "0-1"]
[WhiteElo "2313"]
[BlackElo "2297"]
[PlyCount "122"]
[EventDate "2020.12.05"]
[EventType "swiss"]
[EventRounds "6"]
[EventCountry "ITA"]
[SourceTitle "CBM 199 Extra"]
[Source "ChessBase"]
[SourceDate "2021.01.31"]
[SourceVersion "1"]
[SourceVersionDate "2021.01.31"]
[SourceQuality "1"]

1. e4 g6 2. d4 Bg7 3. Nc3 d5 4. exd5 Nf6 5. Bb5+ Nbd7 6. Nf3 0-0 7. Bg5 Nb6 8. 0-0 Nbxd5 9. Nxd5 Qxd5 10. c4 Qd8 11. Re1 c6 12. Ba4 Bg4 13. h3 Bxf3 14. Qxf3 Qa5 15. Bxf6 Bxf6 16. Bb3 Bxd4 17. Rxe7 Rae8 18. Re2 Bxb2 19. Rd1 Qc3 20. Qxc3 Bxc3 21. Rc2 Re1+ 22. Rxe1 Bxe1 23. Re2 Bb4 24. Ba4 a5 25. Rb2 Re8 26. a3 Re1+ 27. Kh2 Bd6+ 28. g3 Re7 29. Rb3 Bc5 30. Kg2 Kf8 31. Kf3 Ke8 32. Rd3 Rd7 33. Rb3 Kd8 34. Ke2 Re7+ 35. Kf1 Kc7 36. Rc3 Rd7 37. Ke2 Bd4 38. Rf3 Kb6 39. Bb3 Kc5 40. Ba2 a4 41. h4 f5 42. h5 Bb2 43. hxg6 hxg6 44. Bb1 Kxc4 45. g4 fxg4 46. Rg3 Rd6 47. Rxg4+ Kb3 48. Rb4+ Kxa3 49. Rxb7 g5 50. Bc2 Bc3 51. Bd3 Bb4 52. Bc4 Rd4 53. Bf7 Kb2 54. Ke3 Rf4 55. Bg8 a3 56. Rg7 a2 57. Bxa2 Kxa2 58. Rxg5 Rf8 59. f4 c5 60. f5 Kb3 61. Ke4 c4 0-1

[Event "ITA-chT 48th"]
[Site "Civitanova Marche"]
[Date "2016.04.30"]
[Round "6.5"]
[White "Lodici, Lorenzo"]
[Black "Tomba, Ivan"]
[Result "1-0"]
[WhiteElo "2371"]
[BlackElo "2273"]
[PlyCount "57"]
[EventDate "2016.04.27"]
[EventType "team-swiss"]
[EventRounds "7"]
[EventCountry "ITA"]
[SourceTitle "CBM 172 Extra"]
[Source "ChessBase"]
[SourceDate "2016.06.21"]
[SourceVersion "1"]
[SourceVersionDate "2016.06.21"]
[SourceQuality "1"]
[WhiteTeam "Perugia Euro Scacchi"]
[BlackTeam "Bologna"]
[WhiteTeamCountry "ITA"]
[BlackTeamCountry "ITA"]

1. d4 d5 2. c4 c6 3. Nc3 Nf6 4. Nf3 dxc4 5. e4 b5 6. e5 Nd5 7. a4 e6 8. Ng5 Be7 9. h4 h6 10. Nge4 b4 11. Nb1 Ba6 12. Qg4 g6 13. Nbd2 c3 14. Nc4 Bxc4 15. Bxc4 cxb2 16. Bxb2 h5 17. Qf3 a5 18. 0-0 Ra7 19. g3 Nd7 20. Rac1 N7b6 21. Bb3 Rc7 22. Rfd1 Qd7 23. Rc5 Bxc5 24. dxc5 Qe7 25. cxb6 Nxb6 26. Bc1 Rd7 27. Nf6+ Kf8 28. Nxd7+ Nxd7 29. Bg5 1-0

[Event "EU-Cup 29th"]
[Site "Rhodes"]
[Date "2013.10.25"]
[Round "6.6"]
[White "Tomba, Ivan"]
[Black "Mihajlov, Sebastian"]
[Result "1/2-1/2"]
[WhiteElo "2257"]
[BlackElo "2194"]
[PlyCount "120"]
[EventDate "2013.10.20"]
[EventType "team-swiss"]
[EventRounds "7"]
[EventCountry "GRE"]
[SourceTitle "CBM 157"]
[Source "ChessBase"]
[SourceDate "2013.11.12"]
[SourceVersion "1"]
[SourceVersionDate "2013.11.12"]
[SourceQuality "1"]
[WhiteTeam "Bologna"]
[BlackTeam "Oslo"]
[WhiteTeamCountry "ITA"]
[BlackTeamCountry "NOR"]

1. d4 d5 2. c4 c6 3. cxd5 cxd5 4. Nc3 Nf6 5. Bf4 Nc6 6. e3 a6 7. Bd3 Bg4 8. Nge2 e6 9. 0-0 Be7 10. Rc1 0-0 11. Na4 Rc8 12. f3 Bh5 13. Qb3 b5 14. Nc5 Bxc5 15. dxc5 Nd7 16. Bd6 Re8 17. Nf4 Bg6 18. Nxg6 hxg6 19. a4 Na5 20. Qb4 Nc4 21. axb5 Nxd6 22. cxd6 Qb6 23. Qd4 Qxd6 24. Rxc8 Rxc8 25. bxa6 Ne5 26. Ra1 Ra8 27. Bb5 Qc7 28. b4 Ra7 29. Qc5 Qb8 30. f4 Ng4 31. Be2 Nf6 32. Rc1 Kh7 33. b5 Nd7 34. Qd4 Rc7 35. Ra1 Nb6 36. Kf2 Qa7 37. Ra3 Qb8 38. Rc3 Qc8 39. Rxc7 Qxc7 40. Qe5 Qa7 41. Qd6 Kg8 42. Qc5 Kh7 43. Ke1 Kg8 44. Kd1 Qb8 45. Kc2 Nd7 46. Qc6 Qa7 47. Qc8+ Kh7 48. Kd2 Nc5 49. Bd3 Qb6 50. Ke2 Nxd3 51. Kxd3 Qxb5+ 52. Kd2 Qa5+ 53. Ke2 Qb5+ 54. Kf2 Qa5 55. Kf3 Qa3 56. Kf2 Qa5 57. Qb7 Qd2+ 58. Kf3 Qd1+ 59. Kf2 Qd2+ 60. Kf3 Qd1+ 1/2-1/2

[Event "ITA-chT 43rd"]
[Site "Spoleto"]
[Date "2011.04.29"]
[Round "4"]
[White "Tomba, Ivan"]
[Black "Stella, Andrea"]
[Result "1/2-1/2"]
[WhiteElo "2259"]
[BlackElo "2364"]
[PlyCount "98"]
[EventDate "2011.04.28"]
[EventType "team"]
[EventRounds "7"]
[EventCountry "ITA"]
[SourceTitle "EXT 2012"]
[Source "ChessBase"]
[SourceDate "2011.11.24"]
[SourceVersion "1"]
[SourceVersionDate "2011.11.24"]
[SourceQuality "1"]
[WhiteTeam "Accademia le due Torri"]
[BlackTeam "ASD Fischer"]
[WhiteTeamCountry "ITA"]
[BlackTeamCountry "ITA"]

1. e4 g6 2. d4 Bg7 3. Nc3 c5 4. dxc5 Bxc3+ 5. bxc3 Qa5 6. Bd2 Nf6 7. Bd3 Qxc5 8. Nf3 d6 9. Rb1 Nbd7 10. 0-0 b6 11. Qe2 0-0 12. Rb5 Qc7 13. e5 dxe5 14. Nxe5 Nxe5 15. Qxe5 Qxe5 16. Rxe5 Be6 17. a4 Nd7 18. Rb5 Rac8 19. a5 Bc4 20. Rb4 Ne5 21. axb6 axb6 22. Rxb6 Bxd3 23. cxd3 Nxd3 24. Rb7 Rfe8 25. Rfb1 Nc5 26. R7b4 f6 27. Kf1 Kf7 28. Ke2 Red8 29. Be3 Nd7 30. R4b3 Ne5 31. Rd1 Rxd1 32. Kxd1 Ra8 33. Kc2 Ra2+ 34. Rb2 Rxb2+ 35. Kxb2 Ke6 36. Kb3 Kd5 37. Kb4 Nc4 38. Kb5 e5 39. Bc1 h5 40. h4 f5 41. g3 Nd6+ 42. Kb4 Nc4 43. Kb5 Nd6+ 44. Kb4 e4 45. Bg5 Nc4 46. Bf4 Nb2 47. Kb5 Nc4 48. Kb4 Nb2 49. Kb5 Nc4 1/2-1/2

[Event "Milan Crespi op-A 30th"]
[Site "Milan"]
[Date "2009.12.10"]
[Round "7"]
[White "Brunello, Marina"]
[Black "Tomba, Ivan"]
[Result "1-0"]
[WhiteElo "2158"]
[BlackElo "2283"]
[PlyCount "69"]
[EventDate "2009.12.05"]
[EventType "swiss"]
[EventRounds "9"]
[EventCountry "ITA"]
[SourceTitle "CBM 133 Extra"]
[Source "ChessBase"]
[SourceDate "2010.01.05"]
[SourceVersion "1"]
[SourceVersionDate "2010.01.05"]
[SourceQuality "1"]

1. e4 e5 2. Nf3 Nc6 3. d4 exd4 4. Nxd4 Nf6 5. Nc3 Bb4 6. Nxc6 bxc6 7. Bd3 0-0 8. 0-0 d5 9. exd5 cxd5 10. Bg5 c6 11. Na4 h6 12. Bh4 Re8 13. c4 Bd6 14. cxd5 cxd5 15. Rc1 Rb8 16. b3 Bf4 17. Rc5 Be6 18. Bb5 Rf8 19. Bc6 g5 20. Bg3 Qd6 21. Bb5 Bxg3 22. hxg3 Ne4 23. Rc6 Qa3 24. Bd3 Qxa2 25. Bxe4 dxe4 26. Qh5 Kg7 27. Nc5 Rfe8 28. f4 exf3 29. Qxf3 Bxb3 30. Qc3+ Kh7 31. Rff6 Be6 32. Nxe6 Rb1+ 33. Kh2 Rxe6 34. Rcxe6 fxe6 35. Qc7+ 1-0

[Event "Milan Crespi op-A 30th"]
[Site "Milan"]
[Date "2009.12.09"]
[Round "6"]
[White "Tomba, Ivan"]
[Black "Cazzaniga, Walter"]
[Result "1-0"]
[WhiteElo "2283"]
[BlackElo "2139"]
[PlyCount "75"]
[EventDate "2009.12.05"]
[EventType "swiss"]
[EventRounds "9"]
[EventCountry "ITA"]
[SourceTitle "CBM 133 Extra"]
[Source "ChessBase"]
[SourceDate "2010.01.05"]
[SourceVersion "1"]
[SourceVersionDate "2010.01.05"]
[SourceQuality "1"]

1. e4 e6 2. d4 d5 3. e5 c5 4. c3 Nc6 5. Nf3 Qb6 6. a3 c4 7. Nbd2 Na5 8. Be2 Bd7 9. 0-0 f6 10. exf6 gxf6 11. b3 cxb3 12. Rb1 0-0-0 13. c4 Ba4 14. c5 Qc7 15. Bb2 Ne7 16. Bd3 Nec6 17. Re1 Re8 18. Bc3 Bg7 19. Nh4 Kb8 20. Qe2 e5 21. Nf5 Nxd4 22. Qg4 Bf8 23. Nxd4 exd4 24. Qxd4 Rxe1+ 25. Rxe1 Bxc5 26. Qxa4 Bxf2+ 27. Kxf2 Qxc3 28. Qf4+ Ka8 29. Qe3 a6 30. Bf5 d4 31. Qd3 h6 32. Rb1 b2 33. Nf3 Rd8 34. Rd1 Nc4 35. Qxc3 dxc3 36. Rxd8+ Ka7 37. Rc8 b5 38. Rxc4 1-0

[Event "Milan Crespi op-A 30th"]
[Site "Milan"]
[Date "2009.12.08"]
[Round "5"]
[White "Foisor, Cristina Adela B"]
[Black "Tomba, Ivan"]
[Result "1-0"]
[WhiteElo "2435"]
[BlackElo "2283"]
[PlyCount "53"]
[EventDate "2009.12.05"]
[EventType "swiss"]
[EventRounds "9"]
[EventCountry "ITA"]
[SourceTitle "CBM 133 Extra"]
[Source "ChessBase"]
[SourceDate "2010.01.05"]
[SourceVersion "1"]
[SourceVersionDate "2010.01.05"]
[SourceQuality "1"]

1. Nf3 b6 2. c4 Bb7 3. Nc3 Nf6 4. d4 e6 5. a3 d5 6. Bg5 Be7 7. Rc1 0-0 8. e3 Nbd7 9. cxd5 exd5 10. Bd3 c5 11. 0-0 Rc8 12. Bf5 cxd4 13. Qxd4 Rc4 14. Qd1 h6 15. Bf4 Rc5 16. b4 Rc8 17. Qb3 Re8 18. Nb5 Rxc1 19. Rxc1 Ba6 20. Nfd4 Qa8 21. e4 Bd8 22. Nd6 Rf8 23. e5 Nh5 24. Bxd7 Nxf4 25. b5 Bb7 26. g3 Nh3+ 27. Bxh3 1-0

[Event "Bratto op 29th"]
[Site "Bratto"]
[Date "2009.09.24"]
[Round "4"]
[White "Tramalloni, Luca"]
[Black "Tomba, Ivan"]
[Result "1-0"]
[WhiteElo "2116"]
[BlackElo "2293"]
[PlyCount "115"]
[EventDate "2009.08.21"]
[EventType "swiss"]
[EventRounds "9"]
[EventCountry "ITA"]
[SourceTitle "CBM 132 Extra"]
[Source "ChessBase"]
[SourceDate "2009.11.03"]
[SourceVersion "1"]
[SourceVersionDate "2009.11.03"]
[SourceQuality "1"]

1. d4 Nf6 2. c4 Nc6 3. Nf3 e6 4. a3 d6 5. Nc3 g6 6. d5 Ne5 7. Nxe5 dxe5 8. g3 Bg7 9. Bg2 0-0 10. 0-0 exd5 11. cxd5 Re8 12. e4 Qd6 13. h3 c6 14. dxc6 Qxc6 15. Bg5 Be6 16. Rc1 Qb6 17. Qe2 Qb3 18. Nb5 Rac8 19. Nc7 Red8 20. Nxe6 Qxe6 21. Qb5 b6 22. Qa6 Qd7 23. Kh2 Rxc1 24. Rxc1 h6 25. Be3 Bf8 26. Bf3 Rb8 27. b4 Kg7 28. Rd1 Qb7 29. Qxb7 Rxb7 30. Bc1 Rd7 31. Rxd7 Nxd7 32. Bb2 Bd6 33. Be2 Nb8 34. Kg2 Kf6 35. Kf3 a5 36. bxa5 bxa5 37. Bb5 Ke6 38. Ke2 Nd7 39. Bxd7+ Kxd7 40. a4 Kc6 41. Kd3 f6 42. Bc3 Bc7 43. Kc4 Bb6 44. f4 Bc7 45. fxe5 fxe5 46. Bd2 h5 47. Bc3 g5 48. g4 h4 49. Be1 Bb6 50. Bd2 Bd8 51. Bc1 Be7 52. Be3 Bf6 53. Bc5 Bd8 54. Bf8 Bf6 55. Bh6 Be7 56. Bg7 Kd6 57. Kb5 Ke6 58. Kxa5 1-0

[Event "Bratto op-A 28th"]
[Site "Bratto"]
[Date "2008.08.29"]
[Round "8"]
[White "De Filomeno, Simone"]
[Black "Tomba, Ivan"]
[Result "0-1"]
[WhiteElo "2102"]
[BlackElo "2309"]
[PlyCount "72"]
[EventDate "2008.08.22"]
[EventType "swiss"]
[EventRounds "9"]
[EventCountry "ITA"]
[SourceTitle "CBM 126 Extra"]
[Source "ChessBase"]
[SourceDate "2008.11.05"]
[SourceVersion "1"]
[SourceVersionDate "2008.11.05"]
[SourceQuality "1"]

1. e4 c5 2. Nf3 d6 3. d4 cxd4 4. Nxd4 e6 5. Nc3 a6 6. g3 b5 7. Bg2 Bb7 8. 0-0 Nd7 9. Re1 Qc7 10. a4 bxa4 11. Rxa4 Be7 12. Qg4 g6 13. Bg5 Ngf6 14. Nxe6 fxe6 15. Qxe6 Nc5 16. Qc4 Rc8 17. Ra3 h6 18. Bxf6 Bxf6 19. e5 dxe5 20. Bxb7 Qxb7 21. b4 Nd7 22. Qe6+ Kf8 23. Ne4 Qc6 24. Rxa6 Qxe6 25. Rxe6 Kf7 26. Rd6 Rc7 27. Red1 Ke7 28. Rxd7+ Rxd7 29. Rxd7+ Kxd7 30. Nxf6+ Ke6 31. Ne4 Kd5 32. f3 Kc4 33. c3 Kd3 34. Kf2 h5 35. Nd6 Ra8 36. f4 e4 0-1

[Event "Bologna Pasqua 1st"]
[Site "Bologna"]
[Date "2008.03.22"]
[Round "4"]
[White "Tomba, Ivan"]
[Black "Rombaldoni, Axel"]
[Result "1-0"]
[WhiteElo "2301"]
[BlackElo "2394"]
[PlyCount "111"]
[EventDate "2008.03.20"]
[EventType "tourn"]
[EventRounds "9"]
[EventCountry "ITA"]
[EventCategory "4"]
[SourceTitle "CBM 123 Extra"]
[Source "ChessBase"]
[SourceDate "2008.05.06"]
[SourceVersion "1"]
[SourceVersionDate "2008.05.06"]
[SourceQuality "1"]

1. e4 c5 2. Nf3 d6 3. d4 cxd4 4. Nxd4 Nf6 5. Nc3 e6 6. Be3 a6 7. a4 b6 8. Be2 Bb7 9. f3 Be7 10. 0-0 0-0 11. Qd2 Nbd7 12. Rfd1 Rc8 13. Nb3 Ne5 14. Qd4 Rc6 15. f4 Neg4 16. e5 dxe5 17. fxe5 Nxe3 18. Qxe3 Nd5 19. Nxd5 exd5 20. Nd4 Rg6 21. Bd3 Rh6 22. c3 Re8 23. Qg3 Bh4 24. Qg4 Rxe5 25. Nf5 Rxf5 26. Bxf5 Qe7 27. Qf4 g5 28. Qd4 Qd6 29. Rd3 Bf2+ 30. Kxf2 Rh4 31. Qe3 Rf4+ 32. Kg1 Rxf5 33. Rf1 Re5 34. Qf2 Qe6 35. Qf6 a5 36. Rg3 h6 37. Rh3 Ba6 38. Rxh6 Qxf6 39. Rfxf6 Bd3 40. Rxb6 Re2 41. Rh3 Re1+ 42. Kf2 Re2+ 43. Kf3 Kg7 44. Rg3 f6 45. h4 Re5 46. hxg5 fxg5 47. Kf2 Bc2 48. b3 Kf7 49. Re3 Be4 50. Ra6 g4 51. Rxa5 Kf6 52. Ra7 Kg5 53. Rg7+ Kh4 54. g3+ Kh3 55. Rxe4 dxe4 56. Rh7+ 1-0